Представление документа в формате MARC21

ПолеНазваниеЗначение
  Тип записи a
  Библиографический уровень m
001 Контрольный номер RU/URAIT/584434
005 Дата корректировки 20260429163655.7
008 Кодируемые данные 260429s2026 RU y f j 000 0 rus u
020 Индекс ISBN __
a ISBN 978-5-534-17676-6
c Цена, тираж 1779.00
040 Источник каталогиз. __
a Служба первич. каталог. ИКО Юрайт
c Служба, преобразующая запись ИКО Юрайт
e Правила каталог. RCR
041 Код языка издания __
a Код языка текста rus
044 Код страны публикации __
a Код страны публикации RU
080 Индекс УДК __
a Индекс УДК 93(075.8)
084 Индекс другой классификации/Индекс ББК __
2 Источник индекса rubbk
a Индекс другой классификации/Индекс ББК 63.3(2)я73
100 Автор __
a Автор Семенникова Л. И.
q Полное имя Семенникова Любовь Ивановна
245 Заглавие __
a Заглавие История России. ХХ — начало XXI века
b Продолж. заглавия учебник для вузов
c Ответственность Л. И. Семенникова [и др.] ; под редакцией Л. И. Семенниковой.
250 Сведения об издании __
g испр. и доп
a Основные сведения об издании 7-е изд.
256 Характеристики компьютерного файла __
a Характеристики компьютерного файла Электрон. дан.
260 Выходные данные __
a Место издания Москва
b Издательство Юрайт
c Дата издания 2026
300 Физическое описание __
a Объем 335 с
440 Серия __
a Серия Высшее образование
500 Примечания __
a Примечание URL: https://urait.ru/bcode/584434 (дата обращения: 29.04.2026).
520 Аннотация __
a Аннотация В курсе ярко, убедительно представлена история России до начала XXI века.
538 Прим. о системных особенностях __
a Прим. о системных особенностях Режим доступа: Электронно-библиотечная система Юрайт, для авториз. пользователей
653 Ключевые слова __
a Ключевые слова История России
653 Ключевые слова __
a Ключевые слова Общественные науки
653 Ключевые слова __
a Ключевые слова История Отечества
653 Ключевые слова __
a Ключевые слова История России
653 Ключевые слова __
a Ключевые слова Отечественная история
653 Ключевые слова __
a Ключевые слова Отечественная история ХХ века
653 Ключевые слова __
a Ключевые слова История России. XX век
653 Ключевые слова __
a Ключевые слова Основы отечественной истории XX века
653 Ключевые слова __
a Ключевые слова История России (ХХ век)
653 Ключевые слова __
a Ключевые слова История России ХХ века
653 Ключевые слова __
a Ключевые слова Парламентаризм в истории России
653 Ключевые слова __
a Ключевые слова Социокультурная история России
653 Ключевые слова __
a Ключевые слова История России (XX в.)
653 Ключевые слова __
a Ключевые слова История России (ХХ в.)
653 Ключевые слова __
a Ключевые слова История России XX века
653 Ключевые слова __
a Ключевые слова История России (ХХ - начало XXI века)
653 Ключевые слова __
a Ключевые слова История России в XX - начале XXI века
653 Ключевые слова __
a Ключевые слова Становление и развитие парламентаризма в России в начале ХХ в
653 Ключевые слова __
a Ключевые слова Введение в отечественную историю
653 Ключевые слова __
a Ключевые слова История России в ХХ - начале XXI вв.
653 Ключевые слова __
a Ключевые слова История (1985 - н.в.)
653 Ключевые слова __
a Ключевые слова История России 20 века
653 Ключевые слова __
a Ключевые слова История России в новое время
653 Ключевые слова __
a Ключевые слова История России 20- 21 в.
653 Ключевые слова __
a Ключевые слова История России ХХ - начала XXI века
653 Ключевые слова __
a Ключевые слова История России ХХ - начала XXI в.
700 Другие авторы __
a Другие авторы Буданов М. А.
q Полное имя Буданов Максим Александрович
700 Другие авторы __
a Другие авторы Головкина Н. Л.
q Полное имя Головкина Наталья Леонидовна
700 Другие авторы __
a Другие авторы Калинов В. И.
q Полное имя Калинов Виктор Иванович
700 Другие авторы __
a Другие авторы Квакин А. В.
q Полное имя Квакин Андрей Владимирович
700 Другие авторы __
a Другие авторы Квашонкин А. В.
q Полное имя Квашонкин Александр Васильевич
700 Другие авторы __
a Другие авторы Коваленко Н. А.
q Полное имя Коваленко Николай Алексеевич
700 Другие авторы __
a Другие авторы Лившин А. Я.
q Полное имя Лившин Александр Яковлевич
700 Другие авторы __
a Другие авторы Макарова Е. И.
q Полное имя Макарова Елена Ивановна
700 Другие авторы __
a Другие авторы Малышева Е. М.
q Полное имя Малышева Елена Михайловна
700 Другие авторы __
a Другие авторы Полунов А. Ю.
q Полное имя Полунов Александр Юрьевич
700 Другие авторы __
a Другие авторы Рубайло А. И.
q Полное имя Рубайло Аллентина Ивановна
700 Другие авторы __
a Другие авторы Сдобнина Т. В.
q Полное имя Сдобнина Татьяна Васильевна
856 Электронный адрес документа 40
n Местонахождение сервера Юрайт
g Электронная книга
q Тип электронного формата html
h Имя пользователя ЮРАЙТ
v Часы доступа к ресурсу 20271231
2 Способ доступа Показать документ
x Служебное примечание https://urait.ru/book/cover/BCD26E9E-F7F8-4EEF-B84F-BBC7688EACD3
u URL https://urait.ru/bcode/584434
856 Электронный адрес документа 48
q Тип электронного формата cover
u URL https://urait.ru/book/cover/BCD26E9E-F7F8-4EEF-B84F-BBC7688EACD3
911 __
u 0030=https://urait.ru/bcode/584434
911 __
u 073a=9785534176766
u 073d=1779.00
911 __
u 106a=s
911 __
u 900l=
952 Тип литературы __
i Дисциплина История Отечества
952 Тип литературы __
i Дисциплина История России
952 Тип литературы __
i Дисциплина Отечественная история
952 Тип литературы __
i Дисциплина Отечественная история ХХ века
952 Тип литературы __
i Дисциплина История России. XX век
952 Тип литературы __
i Дисциплина Основы отечественной истории XX века
952 Тип литературы __
i Дисциплина История России (ХХ век)
952 Тип литературы __
i Дисциплина История России ХХ века
952 Тип литературы __
i Дисциплина Парламентаризм в истории России
952 Тип литературы __
i Дисциплина Социокультурная история России
952 Тип литературы __
i Дисциплина История России (XX в.)
952 Тип литературы __
i Дисциплина История России (ХХ в.)
952 Тип литературы __
i Дисциплина История России XX века
952 Тип литературы __
i Дисциплина История России (ХХ - начало XXI века)
952 Тип литературы __
i Дисциплина История России в XX - начале XXI века
952 Тип литературы __
i Дисциплина Становление и развитие парламентаризма в России в начале ХХ в
952 Тип литературы __
i Дисциплина Введение в отечественную историю
952 Тип литературы __
i Дисциплина История России в ХХ - начале XXI вв.
952 Тип литературы __
i Дисциплина История (1985 - н.в.)
952 Тип литературы __
i Дисциплина История России 20 века
952 Тип литературы __
i Дисциплина История России в новое время
952 Тип литературы __
i Дисциплина История России 20- 21 в.
952 Тип литературы __
i Дисциплина История России ХХ - начала XXI века
952 Тип литературы __
i Дисциплина История России ХХ - начала XXI в.